Bono on Bono :conversations with Michka Assayas / (Record no. 1931)

000 -LEADER
fixed length control field 01042cam a2200337 a 4500
001 - CONTROL NUMBER
control field 14271627
003 - CONTROL NUMBER IDENTIFIER
control field OSt
005 - DATE AND TIME OF LATEST TRANSACTION
control field 20150810100229.0
008 - FIXED-LENGTH DATA ELEMENTS--GENERAL INFORMATION
fixed length control field 050616s2005 enka 000 0deng d
010 ## - LIBRARY OF CONGRESS CONTROL NUMBER
LC control number 2006372734
015 ## - NATIONAL BIBLIOGRAPHY NUMBER
National bibliography number GBA518240
Source bnb
016 7# - NATIONAL BIBLIOGRAPHIC AGENCY CONTROL NUMBER
Record control number 013124435
Source Uk
020 ## - INTERNATIONAL STANDARD BOOK NUMBER
International Standard Book Number 0340832762
020 ## - INTERNATIONAL STANDARD BOOK NUMBER
International Standard Book Number 0340897473 (pbk.)
035 ## - SYSTEM CONTROL NUMBER
System control number (OCoLC)ocm60652289
040 ## - CATALOGING SOURCE
Original cataloging agency IEKBA
Transcribing agency IEKBA
Modifying agency UKM
-- DLC
042 ## - AUTHENTICATION CODE
Authentication code lccopycat
043 ## - GEOGRAPHIC AREA CODE
Geographic area code e-ie---
050 00 - LIBRARY OF CONGRESS CALL NUMBER
Classification number ML420.B6856A5 2005
082 00 - DEWEY DECIMAL CLASSIFICATION NUMBER
Classification number 780.42166092
-- B
Edition number 22
100 0# - MAIN ENTRY--PERSONAL NAME
Personal name Bono,
Dates associated with a name 1960-
245 10 - TITLE STATEMENT
Title Bono on Bono :conversations with Michka Assayas /
Statement of responsibility, etc with a foreword by Bono.
260 ## - PUBLICATION, DISTRIBUTION, ETC. (IMPRINT)
Place of publication, distribution, etc London :
Name of publisher, distributor, etc Hodder & Stoughton,
Date of publication, distribution, etc 2005.
300 ## - PHYSICAL DESCRIPTION
Extent 323 p. :
Other physical details ill. (some col.) ;
Dimensions 24 cm.
600 00 - SUBJECT ADDED ENTRY--PERSONAL NAME
Personal name Bono,
Dates associated with a name 1960-
Form subdivision Interviews
650 #0 - SUBJECT ADDED ENTRY--TOPICAL TERM
Topical term or geographic name as entry element Rock musicians
Geographic subdivision Ireland
Form subdivision Interviews.
700 1# - ADDED ENTRY--PERSONAL NAME
Personal name Assayas, Michka.
906 ## - LOCAL DATA ELEMENT F, LDF (RLIN)
a 7
b cbc
c copycat
d 2
e ncip
f 20
g y-gencatlg
942 ## - ADDED ENTRY ELEMENTS (KOHA)
Source of classification or shelving scheme
Koha item type Book
Holdings
Withdrawn status Lost status Source of classification or shelving scheme Damaged status Not for loan Home library Current library Shelving location Date acquired Total Checkouts Full call number Barcode Date last seen Copy number Price effective from Koha item type
          Riara University Library Riara University Library General stack 10/08/2015   ML420.B6856A5 2005 6328/15 10/08/2015 C.1 10/08/2015 Book

Riara University Library,
P.O. Box 49940-00100,
Nairobi, Kenya.